000
00321nam a2200133Ia 4500
008
191201s2019 xx 000 0 und d
100
_a
CHARNIAK,Eugene
245
0
_a
Introduction to Artificial Intelligence
260
_b
Pearson
300
_a
701
650
_a
B.Tech(CSE)
700
_a
MCDERMOTT,Drew
942
_2
ddc
_c
BK
999
_c
6868
_d
6868